000 00681nam a22001937a 4500
003 OSt
005 20201019153957.0
008 201019b 1981 dr 00| 0 eng d
040 _aDO-SdBNP
_bspa
_cBNPHU
100 1 _aBlanco de Fermín, Rosario
_976962
245 1 0 _aIntoxicaciones con pesticidas :
_bsintomatología y terapia /
_cRosario Blanco de Fermín.
260 _aSanto Domingo :
_bSecretaría de Estados de Agricultura; Sociedad Alemana de Cooperación Técnica,
_c1981.
300 _a226 p.
_c23 cm.
490 1 _aToxic
_v1
505 _aBibliografía: p.225-226.
650 4 _aToxicología de plaguicidas
_976963
830 _aToxic, 1
_976964
942 _2ddc
_cLBS1
999 _c48922
_d48922